Vowel-less Backwards Oceania Quiz Stats

 Plays Quiz Updated Jul 29, 2019

Score 0/14 Timer 01:30
5 Plays Today
Vowel-less Country % Correct
DNLZ WNNew Zealand
95.5%
JFFiji
94.8%
SDNLS LLHSRMMarshall Islands
92.5%
NG WN PPPapua New Guinea
92.2%
SDNLS NMLSSolomon Islands
90.7%
GNTTonga
90.2%
MSSamoa
88.8%
Vowel-less Country % Correct
LVTTuvalu
88.5%
TNVVanuatu
87.6%
LPPalau
87%
TBRKKiribati
86%
RNNauru
84.1%
LRTSAustralia
81.3%
SNRCMMicronesia
80.1%

You're not logged in!

Compare scores with friends on all Sporcle quizzes.
OR
Log In

Sporcle TV

Today on Sporcle TV


Watch our educational content, quiz creation guides, and fun videos on Sporcle TV.

Show Comments

Extras

Top Quizzes Today


Score Distribution

Your Account Isn't Verified!

In order to create a playlist on Sporcle, you need to verify the email address you used during registration. Go to your Sporcle Settings to finish the process.

Report this User

Report this user for behavior that violates our Community Guidelines.

Details: